000
00211nam a2200097Ia 4500
008
240331s9999 xx 000 0 und d
082
_b
JAY
100
_a
Jayathilake.B.M
245
0
_a
Kurulu thalawa 1-2
942
_c
L
999
_c
5433
_d
5433